[Event "Dresden ZMD op"]
[Site "Dresden"]
[Date "2007.07.25"]
[Round "5"]
[White "Kuersten, Ruediger"]
[Black "Guennigmann, Manuel"]
[Result "1-0"]
[WhiteElo "2123"]
[BlackElo "1969"]
[PlyCount "63"]
[EventDate "2007.07.21"]
[EventType "swiss"]
[EventRounds "9"]
[EventCountry "GER"]
[SourceTitle "EXT 2008"]
[Source "ChessBase"]
[SourceDate "2007.11.25"]
[SourceVersion "1"]
[SourceVersionDate "2007.11.25"]
[SourceQuality "1"]

1. Nf3 Nf6 2. g3 g6 3. Bg2 Bg7 4. d4 0-0 5. c4 c6 6. Nc3 d5 7. cxd5 cxd5 8. Ne5 e6 9. 0-0 Nfd7 10. f4 Nc6 11. Nxc6 bxc6 12. Na4 Qe7 13. Be3 Nb6 14. a3 Bd7 15. Nc5 Nc4 16. Bc1 Nd6 17. b3 Nf5 18. e3 f6 19. Re1 e5 20. a4 Rfe8 21. Bd2 Qf7 22. Nxd7 Qxd7 23. Bh3 Rab8 24. Rc1 e4 25. Bxf5 gxf5 26. Ba5 Bf8 27. Rc3 Qb7 28. Qe2 Rec8 29. Rec1 Be7 30. Kg2 Kf7 31. R1c2 Qd7 32. Qa6 1-0